000 00417nam a2200157 i 4500
001 50128
003 ES-MaACL
005 20230906162129.0
007 t|
008 030731s1909 fr ||||1| fre d
100 1 _aCroiset, Alfred.
_941668
245 1 4 _aLes demoraties antiques /
_cA. Croiset.
260 _aParis :
_b[s.n.],
_c1909 (
_fHemmerlé et Cie.)
300 _a340 p. ;
_c18 cm.
852 _aES-MaACL
_jF-6384
999 _c50128
_d50128